00463nam a2200193Ia 4500008004100000020001800041245001700059245003300076245002000109260001500129260001600144260000900160300001500169300002500184300001000209440002300219500000800242999001900250170705s9999 xx 000 0 und d a9780531258576 aVegetables : bthe new food guide pyramid / cEmily K. Green. aNew York : bScholastic, c2011 a24 pages : bcolor illustration ; c23cm. aBlastoff! Readers. a480 c335725d335725